MATLAB programming / (Record no. 4239)

MARC details
000 -LEADER
fixed length control field 00581 a2200193 4500
010 ## - LCCN (DPL NO)
LC control number ENG-86221
020 ## - INTERNATIONAL STANDARD BOOK NUMBER
International Standard Book Number 9788120330818
Terms of availability 250.00
035 ## - SYSTEM CONTROL NUMBER
System control number EN-69754
037 ## - SOURCE OF ACQUISITION
Source of stock number/acquisition DBAD / PUB
082 14 - DEWEY DECIMAL CLASSIFICATION NUMBER
Classification number 005.13
100 1# - MAIN ENTRY--PERSONAL NAME
Personal name Singh, Y.Kirani
245 1# - TITLE STATEMENT
Title MATLAB programming /
Statement of responsibility, etc by Y.Kirani Singh and B.B.Chaudhuri
260 ## - PUBLICATION, DISTRIBUTION, ETC. (IMPRINT)
Place of publication, distribution, etc New Delhi
Name of publisher, distributor, etc Prentice-Hall of India
Date of publication, distribution, etc 2007
270 ## - ADDRESS
Address M-97, Connaught Circus
City New Delhi
Postal code 110 001
300 ## - PHYSICAL DESCRIPTION
Extent xvii, 368p.
Dimensions 24cm. (Pbk)
500 ## - GENERAL NOTE
General note Includes index
700 ## - ADDED ENTRY--PERSONAL NAME
Personal name Chaudhuri, B.B.
942 ## - ADDED ENTRY ELEMENTS (KOHA)
Institution code [OBSOLETE] dpl
Item type English Books
Source of classification or shelving scheme Dewey Decimal Classification
Classification part 005.13
Call number suffix SIN
Holdings
Withdrawn status Lost status Not for loan Collection code Home library Current library Source of acquisition Cost, normal purchase price Full call number Barcode Copy number Cost, replacement price Koha item type
    Not For Loan Non-fiction D.B.Act.Division D.B.Act.Division DBAD/PUB 250.00 005.13 SIN EN-69754 1 250.00 English Books

© Delhi Public Library
Hit Counter
free hit counter